[Event "Czech Open GM 2020"]
[Site "Pardubice"]
[Date "2020.09.28"]
[Round "9.18"]
[White "Koziak, Vitali"]
[Black "Trybus, Daniel"]
[Result "1-0"]
[WhiteElo "2434"]
[BlackElo "1997"]
[Annotator "ChessBase"]
[PlyCount "57"]
[EventDate "2020.09.21"]
[EventCountry "CZE"]
[SourceTitle "playchess.com"]
[Source "ChessBase"]
[SourceQuality "1"]
[TimeControl "40/5400+30:1800+30"]

1. Nf3 {[%emt 0:07:00]} Nf6 {[%emt 0:00:00]} 2. d4 {[%emt 0:01:11]} g6 {[%emt 0:00:00]} 3. c4 {[%emt 0:00:57]} Bg7 {[%emt 0:00:03]} 4. g3 {[%emt 0:02:51]} O-O {[%emt 0:00:17]} 5. Bg2 {[%emt 0:00:04]} d6 {[%emt 0:00:06]} 6. O-O {[%emt 0:00:06]} c6 {[%emt 0:00:05]} 7. Nc3 {[%emt 0:03:25]} Qa5 {[%emt 0:00:06]} 8. e4 {[%emt 0:01:23]} e5 {[%emt 0:00:05]} 9. d5 {[%emt 0:01:20]} cxd5 {[%emt 0:00:16]} 10. cxd5 {[%emt 0:00:06]} b5 {[%emt 0:00:22]} 11. a4 {[%emt 0:18:18]} b4 {[%emt 0:07:13]} 12. Nb5 {[%emt 0:00:06]} Qd8 {[%emt 0:09:14]} 13. Be3 {[%emt 0:14:02]} a6 {[%emt 0:06:38]} 14. Na7 {[%emt 0:01:00]} Bd7 {[%emt 0:05:47]} 15. Rc1 {[%emt 0:08:11]} Ng4 {[%emt 0:05:05]} 16. Bg5 {[%emt 0:10:57]} Qe8 {[%emt 0:10:51]} 17. Rc7 {[%emt 0:16:55]} Bxa4 {[%emt 0:10:31]} 18. Qa1 {[%emt 0:00:02]} Bf6 {[%emt 0:06:27]} 19. Bd2 {[%emt 0:04:49]} a5 {[%emt 0:03:17]} 20. Rfc1 {[%emt 0:02:01]} Bd7 {[%emt 0:03:49]} 21. h3 {[%emt 0:01:40]} Nxf2 22. Kxf2 {[%emt 0:01:06]} Na6 {[%emt 0:02:19]} 23. Qxa5 {[%emt 0:02:10]} Nxc7 {[%emt 0:00:03]} 24. Qxc7 {[%emt 0:01:24]} Bd8 {[%emt 0:00:17]} 25. Qb7 {[%emt 0:01:33]} f5 {[%emt 0:01:40]} 26. Kg1 {[%emt 0:00:00]} fxe4 27. Ng5 {[%emt 0:04:49]} h6 {[%emt 0:15:23]} 28. Nxe4 {[%emt 0:00:00]} Qf7 29. Bxh6 {[%emt 0:02:15]} 1-0

[Event "Czech Open GM 2020"]
[Site "Pardubice"]
[Date "2020.09.28"]
[Round "9.19"]
[White "Iolis, Oleg"]
[Black "Seger, Ruediger"]
[Result "0-1"]
[WhiteElo "2173"]
[BlackElo "2312"]
[Annotator "ChessBase"]
[PlyCount "100"]
[EventDate "2020.09.21"]
[EventCountry "CZE"]
[SourceTitle "playchess.com"]
[Source "ChessBase"]
[SourceQuality "1"]
[TimeControl "40/5400+30:1800+30"]

1. e4 {[%emt 0:46:33]} c6 {[%emt 0:03:32]} 2. d4 {[%emt 0:00:07]} d5 {[%emt 0:00:04]} 3. e5 {[%emt 0:00:06]} Bf5 {[%emt 0:02:42]} 4. Bd3 {[%emt 0:00:09]} Bxd3 {[%emt 0:00:20]} 5. Qxd3 {[%emt 0:00:05]} e6 {[%emt 0:00:13]} 6. Ne2 {[%emt 0:00:04]} Nd7 {[%emt 0:01:49]} 7. O-O {[%emt 0:00:09]} c5 {[%emt 0:00:10]} 8. c3 {[%emt 0:00:05]} Ne7 {[%emt 0:00:09]} 9. Nd2 {[%emt 0:00:08]} Nc6 {[%emt 0:00:16]} 10. Nf3 {[%emt 0:00:08]} Be7 {[%emt 0:00:26]} 11. a3 {[%emt 0:02:31]} O-O {[%emt 0:01:08]} 12. b4 {[%emt 0:00:13]} cxd4 {[%emt 0:00:39]} 13. cxd4 {[%emt 0:00:04]} a6 {[%emt 0:06:18]} 14. Nf4 {[%emt 0:04:38]} Rc8 {[%emt 0:06:51]} 15. g3 {[%emt 0:01:54]} Qb6 {[%emt 0:06:42]} 16. h4 {[%emt 0:02:27]} Qb5 {[%emt 0:00:26]} 17. Qe3 {[%emt 0:11:41]} a5 {[%emt 0:04:37]} 18. bxa5 {[%emt 0:02:11]} Nxa5 {[%emt 0:00:06]} 19. a4 {[%emt 0:00:38]} Qb3 {[%emt 0:00:42]} 20. Qxb3 {[%emt 0:02:36]} Nxb3 {[%emt 0:00:31]} 21. Rb1 {[%emt 0:00:06]} Nxc1 {[%emt 0:09:35]} 22. Rfxc1 {[%emt 0:00:06]} b6 {[%emt 0:00:09]} 23. Ne2 {[%emt 0:03:34]} f6 {[%emt 0:03:45]} 24. Rxc8 {[%emt 0:04:09]} Rxc8 {[%emt 0:00:05]} 25. Rc1 {[%emt 0:00:04]} Rxc1+ {[%emt 0:02:55]} 26. Nxc1 {[%emt 0:00:04]} Nb8 {[%emt 0:01:19]} 27. Kf1 {[%emt 0:00:48]} Nc6 {[%emt 0:00:18]} 28. Nd3 {[%emt 0:01:04]} Bd8 {[%emt 0:07:29]} 29. Ke2 {[%emt 0:00:53]} Kf7 {[%emt 0:00:24]} 30. h5 {[%emt 0:00:47]} Bc7 {[%emt 0:04:29]} 31. Ke3 {[%emt 0:10:11]} Na7 {[%emt 0:01:36]} 32. g4 {[%emt 0:02:00]} b5 {[%emt 0:03:08]} 33. axb5 {[%emt 0:00:06]} Nxb5 {[%emt 0:00:03]} 34. Nd2 {[%emt 0:05:09]} fxe5 {[%emt 0:08:32]} 35. Nxe5+ {[%emt 0:00:45]} Kf6 {[%emt 0:01:43]} 36. f4 {[%emt 0:00:16]} Nd6 {[%emt 0:04:18]} 37. Ndf3 {[%emt 0:02:13]} Ne4 {[%emt 0:02:01]} 38. Nh4 {[%emt 0:12:24]} Bd6 {[%emt 0:03:10]} 39. g5+ {[%emt 0:10:30]} Ke7 {[%emt 0:00:13]} 40. Ng4 {[%emt 0:01:35]} Ba3 {[%emt 0:02:34]} 41. h6 {[%emt 0:01:17]} gxh6 {[%emt 0:01:04]} 42. Nxh6 {[%emt 0:04:50]} Bc1+ {[%emt 0:01:42]} 43. Kf3 {[%emt 0:00:10]} Nxg5+ {[%emt 0:01:37]} 44. Kg4 {[%emt 0:03:10]} Ne4 {[%emt 0:01:30]} 45. Nf3 {[%emt 0:00:47]} Nf2+ {[%emt 0:01:28]} 46. Kh5 {[%emt 0:01:16]} Bxf4 {[%emt 0:01:10]} 47. Ng5 {[%emt 0:00:22]} Bxg5 {[%emt 0:06:43]} 48. Kxg5 {[%emt 0:00:04]} Ne4+ {[%emt 0:00:10]} 49. Kf4 {[%emt 0:00:06]} Nd6 {[%emt 0:01:21]} 50. Ng4 {[%emt 0:00:31]} Nf7 {[%emt 0:00:14]} 0-1

[Event "Czech Open GM 2020"]
[Site "Pardubice"]
[Date "2020.09.28"]
[Round "9.20"]
[White "Rabatin, Jakub"]
[Black "Seitz, Patrick"]
[Result "1-0"]
[WhiteElo "2291"]
[BlackElo "2186"]
[Annotator "ChessBase"]
[PlyCount "79"]
[EventDate "2020.09.21"]
[EventCountry "CZE"]
[SourceTitle "playchess.com"]
[Source "ChessBase"]
[SourceQuality "1"]
[TimeControl "40/5400+30:1800+30"]

1. d4 {[%emt 0:00:00]} Nf6 {[%emt 0:16:05]} 2. Bf4 {[%emt 0:00:00]} g6 {[%emt 0:00:22]} 3. Nc3 {[%emt 0:00:04]} d6 {[%emt 0:01:42]} 4. e4 {[%emt 0:00:11]} Bg7 {[%emt 0:01:14]} 5. Qd2 {[%emt 0:00:17]} Nc6 {[%emt 0:03:19]} 6. O-O-O {[%emt 0:01:02]} Nh5 {[%emt 0:04:30]} 7. Be3 {[%emt 0:06:22]} e5 {[%emt 0:02:34]} 8. d5 {[%emt 0:01:57]} Ne7 {[%emt 0:03:53]} 9. Bb5+ {[%emt 0:00:12]} Bd7 {[%emt 0:00:53]} 10. Bxd7+ {[%emt 0:00:10]} Qxd7 {[%emt 0:00:06]} 11. Nge2 {[%emt 0:07:00]} b5 {[%emt 0:05:33]} 12. g4 {[%emt 0:04:37]} Nf6 {[%emt 0:10:52]} 13. g5 {[%emt 0:04:14]} Ng4 {[%emt 0:02:39]} 14. Rdg1 {[%emt 0:25:00]} Nxe3 {[%emt 0:02:28]} 15. Qxe3 {[%emt 0:00:32]} b4 {[%emt 0:00:54]} 16. Nd1 {[%emt 0:05:06]} h5 {[%emt 0:02:27]} 17. gxh6 {[%emt 0:14:42]} Bxh6 {[%emt 0:04:58]} 18. f4 {[%emt 0:00:04]} exf4 {[%emt 0:05:01]} 19. Nxf4 {[%emt 0:00:23]} a5 {[%emt 0:01:26]} 20. Kb1 {[%emt 0:00:50]} a4 {[%emt 0:01:58]} 21. Nf2 {[%emt 0:01:52]} b3 {[%emt 0:04:01]} 22. Qc3 {[%emt 0:10:42]} bxa2+ {[%emt 0:00:54]} 23. Kxa2 {[%emt 0:00:45]} Rh7 {[%emt 0:00:07]} 24. Ng4 {[%emt 0:01:22]} Bg7 {[%emt 0:00:09]} 25. Qxg7 {[%emt 0:01:46]} Rxg7 {[%emt 0:00:05]} 26. Nf6+ {[%emt 0:00:06]} Kd8 {[%emt 0:00:33]} 27. Nxd7 {[%emt 0:00:05]} Kxd7 {[%emt 0:00:04]} 28. Nh5 {[%emt 0:00:06]} Rag8 {[%emt 0:05:27]} 29. Nxg7 {[%emt 0:00:08]} Rxg7 {[%emt 0:00:04]} 30. h4 {[%emt 0:00:07]} Rh7 {[%emt 0:00:04]} 31. Ka3 {[%emt 0:03:45]} Rh8 {[%emt 0:01:53]} 32. Kxa4 {[%emt 0:00:50]} c6 {[%emt 0:01:11]} 33. c4 {[%emt 0:00:43]} cxd5 {[%emt 0:01:46]} 34. exd5 {[%emt 0:03:27]} Nf5 {[%emt 0:00:46]} 35. Rg4 {[%emt 0:02:59]} Rb8 {[%emt 0:03:02]} 36. b4 {[%emt 0:02:29]} Ne3 {[%emt 0:00:06]} 37. Rf4 {[%emt 0:00:22]} f5 {[%emt 0:00:40]} 38. Kb3 {[%emt 0:00:12]} Rh8 {[%emt 0:01:04]} 39. Rg1 {[%emt 0:01:53]} Ng4 {[%emt 0:02:27]} 40. Rfxg4 {[%emt 0:00:12]} 1-0